000 02479nam a2200289 a 4500
001 BRCA_2506
005 20190320203837.0
008 251108s1859----sp-a---###---#000-0#spa-u
041 _aspa
044 _asp
084 _a146
_b.G673
_c1859
100 1 _aCervantes Saavedra, Miguel de
_d1547-1616
_9213
245 1 0 _aEl Ingenioso Hidalgo Don Quijote de la Mancha
_ccompuesto por Miguel de Cervantes Saavedra.
260 _aBarcelona
_bTomás Gorchs
_c1859
300 _a2 v.
_bil.
_c45 cm.
_e1 mapa
500 _aContenido : v 1. Primera parte. Retrato de Cervantes por L. Madrazo. Dedicatoria del editor. Dedicatoria del autor. Prólogo del autor. Versos preliminares. Variantes. Texto. -- v 2. Segunda parte. Dedicatoria del autor. Prólogo del autor. Variantes. Texto
500 _aEdición : Dedicada a Cervantes
500 _aEdición monumental, que honra a las prensas catalanas, la más suntuosa y de cuantas hasta entonces se habían publicado, impresa en magnífico papel, anchas márgenes y tipos hermosos y clarísmos, de gran valor tipográfico. Las iniciales con que empiezan los capítulos son finos y artísticos, grabados de Estebanillo y Moragas. Las 12 láminas, por el contrario, no aportan nada nuevo, sobre todo, si las comparamos con las de la edición de la Academia de 1780. El retrato de Cervantes, dibujado por L. Madrazo, es el mejor que había aparecido hasta aquel entonces. Podrá objetarse que la indumentaria no corresponde a la posición económica del autor, pero el busto y la expresión señaladamente intelectual y bonachón de su rostro merecen un aplauso. Contiene una Carta geográfica de los viajes de D. Quijote y 562 variantes. Tomando el editor por modelo la impresión de Cuesta de 1605, la comparó con las de 1608, 1668, 1780, 1797 (Pellicer), 1819 (Academia), y 1833 (Clemencín), respetando en los casos dudosos el texto primitivo, Gorchs sacó un texto bastante correcto y depurado. Sin embargo, sigue, como las demás ediciones de la época, confundiendo la segunda edición de Cuesta con la primera. Lindo ejemplar, encuadernado en semipiel Lúdovik Osterc
500 _aQM130
650 1 4 _aNovela española
_yÉpoca clásica, 1500-1700
_9215
650 1 4 _aLiteratura española
_yÉpoca clásica, 1500-1700
_9216
650 1 4 _aNovela española
_ySiglo XVII
_9217
650 1 4 _aDon Quijote (Personaje ficticio)
_eNovela
_9218
740 0 _aEl Ingenioso Hidalgo Don Quijote de la Mancha
902 _aQFM
942 _2lcc
_cB
999 _c2247
_d2247